000
00365nam a2200133Ia 4500
008
151001s9999||||xx |||||||||||||| ||und||
100
_a
उन्मेष
245
_a
गणपतीच्या गोष्टी
250
_a
1
260
_b
जयदीप प्रकाशन पुणे
260
_c
2004
300
_a
44
365
_b
21
999
_c
983134
_d
983131